Reinforced concrete design : (Record no. 6360)

MARC details
000 -LEADER
fixed length control field 00577nam a22001817a 4500
003 - CONTROL NUMBER IDENTIFIER
control field OSt
005 - DATE AND TIME OF LATEST TRANSACTION
control field 20251126100048.0
008 - FIXED-LENGTH DATA ELEMENTS--GENERAL INFORMATION
fixed length control field 251126b |||||||| |||| 00| 0 eng d
020 ## - INTERNATIONAL STANDARD BOOK NUMBER
International Standard Book Number 971-8510-49-4.
040 ## - CATALOGING SOURCE
Original cataloging agency DWCL-Main lib
Transcribing agency OC
082 ## - DEWEY DECIMAL CLASSIFICATION NUMBER
Classification number Fil. 624.18341 B554r 1998
100 ## - MAIN ENTRY--PERSONAL NAME
Personal name Venancio I. Besavilla
245 ## - TITLE STATEMENT
Title Reinforced concrete design :
Remainder of title ultimate strength design, vol. 2
Statement of responsibility, etc. Venancio I. Besavilla
260 ## - PUBLICATION, DISTRIBUTION, ETC.
Place of publication, distribution, etc. Cebu City :
Name of publisher, distributor, etc. VIB Pub.,
Date of publication, distribution, etc. c1998
300 ## - PHYSICAL DESCRIPTION
Extent 561 pages :
Other physical details illustrationn ;
Dimensions 22 cm.
650 ## - SUBJECT ADDED ENTRY--TOPICAL TERM
Source of heading or term 1. Reinforced concrete.
942 ## - ADDED ENTRY ELEMENTS (KOHA)
Source of classification or shelving scheme Dewey Decimal Classification
Koha item type Book-Filipiniana
Call number prefix Fil.
Suppress in OPAC No
952 ## - LOCATION AND ITEM INFORMATION (KOHA)
--
952 ## - LOCATION AND ITEM INFORMATION (KOHA)
--
952 ## - LOCATION AND ITEM INFORMATION (KOHA)
--
Holdings
Withdrawn status Lost status Source of classification or shelving scheme Damaged status Not for loan Home library Current library Shelving location Date acquired Source of acquisition Cost, normal purchase price Total Checkouts Full call number Barcode Date last seen Copy number Price effective from Koha item type Uniform Resource Identifier
    Dewey Decimal Classification     College Library College Library Filipiniana 06/20/2008 School Fund 300.00   Fil. 624.18341 B554r 1998 45875 11/26/2025 c1 11/26/2025 BK - FIL
    Dewey Decimal Classification     College Library College Library Filipiniana 07/30/2003 School Fund 222.00   Fil. 624.18341 B554r 1998 38649 11/26/2025 c2 11/26/2025 BK - FIL
    Dewey Decimal Classification     College Library College Library Filipiniana 07/30/2003 School Fund 222.00   Fil. 624.18341 B554r 1998 38650 11/26/2025 c3 11/26/2025 BK - FIL